| 000 | 00796nam a2200229 i 4500 | ||
|---|---|---|---|
| 001 | C00052921c | ||
| 005 | 20241029150155.0 | ||
| 008 | 060424s1724 sp spa d | ||
| 100 | 1 |
_aArdemans, Teodoro ( _d1664-1726) _929306 |
|
| 245 | 1 | 0 |
_aFluencias de la tierra y curso subterraneo de las aguas / _cpor Teodoro Ardemans. |
| 260 |
_aEn Madrid : _bpor Francisco del Hierro, _c1724. |
||
| 300 |
_a[24], 278 p., [9] h. de lám. ; _c4º (22 cm) |
||
| 500 | _aPort. enmarcada con orla tip. | ||
| 500 | _aEnc. perg. con cortes jaspeados. | ||
| 500 | _aEjemp. con ondulaciones y lomo semidespegado. | ||
| 650 |
_aAgua subterránea- _yS. XVIII. _996469 |
||
| 700 | 1 |
_aHierro, Francisco del. _935727 |
|
| 752 |
_aEspaña - _dMadrid |
||
| 852 | 4 | _jB-369 | |
| 999 |
_c51105 _d51105 |
||